000
00326 a2200109 4500
001
ART_10689
005
20260410161718.0
008
260409a
245
1
0
_a
El Defensor del Pueblo y el caso judicial
100
1
_a
Toricelli, Maximiliano
773
0
_t
Derecho administrativo
_g
- NÂș 80 (abr. 2012)
_w
REV1721
999
_c
16704
_d
16704